000 00671nam a2200253 a 4500
005 20140310183317.0
008 051118s19uu xx 00 eng d
020 _a007124963x
050 _aQP 44
_b.G976 2005
100 _aGunstream, Stanley E.
245 _aAnatomy & physiology laboratory textbook :
_bessentials version.
250 _a5rd
260 _aBoston :
_bMcGraw Hill,
_c2005.
300 _a344 p. :
_bill. ;
_c26 cm.
521 _aBSA
650 _aAnatomy.
650 _aPhysiology.
700 _aBenson, Harold J.
700 _aTalaro, Arthur
700 _aTalaro, Kathleen P.
942 _cBK
_2lcc
_kFOR
999 _c21306
_d21306